Normal view MARC view

Entry Personal Name

Number of records used in: 1

001 - CONTROL NUMBER

  • control field: 975

003 - CONTROL NUMBER IDENTIFIER

  • control field: DLC

005 - DATE AND TIME OF LATEST TRANSACTION

  • control field: 20191231133241.0

008 - FIXED-LENGTH DATA ELEMENTS

  • fixed length control field: 790705n| acannaabn |n aaa

010 ## - LIBRARY OF CONGRESS CONTROL NUMBER

  • LC control number: n 79056712

035 ## - SYSTEM CONTROL NUMBER

  • System control number: (OCoLC)oca00289803

040 ## - CATALOGING SOURCE

  • Original cataloging agency: DLC
  • Language of cataloging: eng
  • Transcribing agency: DLC
  • Modifying agency: OCoLC
  • Modifying agency: IEN

046 ## - SPECIAL CODED DATES

  • Birth date: 19310705

100 1# - HEADING--PERSONAL NAME

  • Personal name: Linnemann, Hans

670 ## - SOURCE DATA FOUND

  • Source citation: His An econometric study of international trade flows, 1966.

670 ## - SOURCE DATA FOUND

  • Source citation: Info. converted from 678, 2012-10-27
  • Information found: (b. 7-5-31)

Powered by Koha